000 00610nam a2200193Ia 4500
003 GCL
008 140319s9999 xx 000 0 ara d
040 _aGCL /
_cGCL
082 0 4 _a242
_bم ا
100 1 _aمحمد بن محمد ابو شهيبة
245 1 0 _aالاسراء والمعراج /
_cمحمد بن محمد ابو شهيبة
260 _a[S.N] :
_bمكتبة العلم ،
_c1990
300 _a79 ص
490 _aمطبوعات مكتبة العلم
_v0
650 0 4 _aالسيرة النبوية
650 0 4 _aالاسراء والمعراج
650 0 4 _aالقران
942 _2ddc
_cBK
999 _c53075
_d53075